[Event "South Jutland-chT 2122 Series 3"]
[Site "Denmark"]
[Date "2021.12.21"]
[Round "3"]
[White "Beckovic, Dzano"]
[Black "Paulsen, Hans Norgaard"]
[Result "1-0"]
[WhiteElo "1615"]
[BlackElo "1739"]
[PlyCount "93"]
[EventDate "2021.11.02"]
[EventType "team-tourn"]
[EventRounds "7"]
[EventCountry "DEN"]
[SourceTitle "EXT 2025"]
[Source "ChessBase"]
[SourceDate "2024.10.14"]
[SourceVersion "1"]
[SourceVersionDate "2024.10.14"]
[SourceQuality "1"]
[WhiteTeam "Logumkloster"]
[BlackTeam "Springeren III"]
[WhiteTeamCountry "DEN"]
[BlackTeamCountry "DEN"]

1. Nf3 d5 2. d4 Nc6 3. h3 Nf6 4. e3 e6 5. Bb5 Bd7 6. 0-0 Bd6 7. a3 0-0 8. c4 a6 9. Ba4 dxc4 10. Bc2 h6 11. e4 e5 12. d5 Ne7 13. Qe2 b5 14. Be3 Ng6 15. Qd2 Nh5 16. Bxh6 Nhf4 17. Bg5 f6 18. Bh4 Nxh4 19. Nxh4 Qe8 20. Bd1 Qf7 21. Bg4 Bxg4 22. hxg4 Qd7 23. Nf5 Kf7 24. g3 Nh3+ 25. Kg2 Ng5 26. f3 Rh8 27. Nc3 Rh7 28. Rh1 Rah8 29. Rxh7 Rxh7 30. Nh4 Rh8 31. Rf1 Qc8 32. Qf2 Qa8 33. f4 Nh7 34. g5 Ke7 35. Nf5+ Kf7 36. Nh4 Nf8 37. gxf6 gxf6 38. Nf5 Ng6 39. Nxd6+ cxd6 40. fxe5 Qd8 41. e6+ Kg7 42. Qa7+ Qe7 43. Qxa6 Ne5 44. Nxb5 Ng4 45. Nxd6 Ne3+ 46. Kf2 Nxf1 47. Nf5+ 1-0

[Event "Fredericia Spring-B"]
[Site "Fredericia"]
[Date "2013.06.03"]
[Round "4"]
[White "Paulsen, Hans Norgaard"]
[Black "Marcussen, Johnni A"]
[Result "0-1"]
[WhiteElo "1913"]
[BlackElo "1909"]
[PlyCount "88"]
[EventDate "2013.04.29"]
[EventType "tourn"]
[EventRounds "5"]
[EventCountry "DEN"]
[SourceTitle "EXT 2023"]
[Source "ChessBase"]
[SourceDate "2022.10.05"]
[SourceVersion "1"]
[SourceVersionDate "2022.10.05"]
[SourceQuality "1"]

1. e4 e5 2. Nf3 Nc6 3. Bb5 a6 4. Bxc6 dxc6 5. 0-0 Ne7 6. d3 Ng6 7. Be3 Be7 8. h3 h6 9. Nbd2 Bg5 10. Nc4 Qf6 11. Nh2 b5 12. Na5 Bxe3 13. fxe3 Qg5 14. Qf3 0-0 15. Nxc6 Nh4 16. Qf2 Bxh3 17. Nxe5 Nxg2 18. Nhf3 Qxe3 19. Kh2 Qxf2 20. Rxf2 Nf4 21. Kg3 f6 22. Kxf4 fxe5+ 23. Kg3 Be6 24. a3 g5 25. Nxe5 Rxf2 26. Kxf2 Kg7 27. Kg3 Rf8 28. Rh1 Rf4 29. Nc6 Kg6 30. Ne7+ Kf6 31. Nf5 Bxf5 32. exf5 Kg7 33. Re1 h5 34. Re7+ Kf6 35. Rxc7 h4+ 36. Kg2 Kxf5 37. Rc6 Kg4 38. Rxa6 h3+ 39. Kg1 Kg3 40. Rh6 g4 41. c3 Rf2 42. c4 h2+ 43. Rxh2 Rxh2 44. cxb5 Rxb2 0-1

[Event "Fredericia Foraar B"]
[Site "Fredericia"]
[Date "2012.04.30"]
[Round "1"]
[White "Paulsen, Hans Norgaard"]
[Black "Hamann, Brian Michael"]
[Result "1/2-1/2"]
[WhiteElo "1744"]
[BlackElo "1804"]
[PlyCount "66"]
[EventDate "2012.04.30"]
[EventType "tourn"]
[EventRounds "5"]
[EventCountry "DEN"]
[SourceTitle "EXT 2023"]
[Source "ChessBase"]
[SourceDate "2022.10.05"]
[SourceVersion "1"]
[SourceVersionDate "2022.10.05"]
[SourceQuality "1"]

1. e4 c5 2. Nf3 d6 3. Bb5+ Bd7 4. Bxd7+ Qxd7 5. 0-0 Nc6 6. c3 Nf6 7. d3 g6 8. h3 Bg7 9. Be3 0-0 10. Na3 Rfd8 11. Qd2 Rac8 12. Bh6 a6 13. Bxg7 Kxg7 14. Nc4 Qc7 15. Ne3 d5 16. exd5 Nxd5 17. Nxd5 Rxd5 18. Rad1 e6 19. Qe3 Qe7 20. Rd2 Rcd8 21. Rfd1 h6 22. d4 cxd4 23. Nxd4 Qc7 24. Nxc6 Qxc6 25. Rxd5 Rxd5 26. Rxd5 Qxd5 27. a3 h5 28. g3 Qd1+ 29. Kg2 Qd5+ 30. Kg1 Qd1+ 31. Kg2 Qd5+ 32. Kg1 Qf5 33. Kg2 Qd5+ 1/2-1/2